| 000 | 00582cam a2200205ua 4500 | ||
|---|---|---|---|
| 001 | 1108 | ||
| 005 | 20260515113258.0 | ||
| 008 | 110428n ii |||gr||||Z||||||eng | ||
| 020 | _a81-7027-120-7 | ||
| 040 | _cMAIN | ||
| 082 | _a320.954 | ||
| 245 | 1 |
_aState and society in India : _bA study of the state`s agenda-making, 1917-1977 / _cby Anand Kumar |
|
| 250 | _a1st. | ||
| 260 |
_aNew Delhi: _bRadiant publishers,989. |
||
| 300 | _aviii, 198p.:0cm. | ||
| 653 | _aPolitical science | ||
| 653 | _aState and society in India | ||
| 700 |
_aKumar, Anand., _eAuthor. |
||
| 942 | _cBK | ||
| 999 |
_c1023 _d1023 |
||